Pokémon 5G- Tous les endroits d'Unys - Statistiques

Statistiques générales
  • Ce quiz a été pris 24 fois
    11 depuis la dernière actualisation
  • Le résultat moyen est 53 sur 90
Statistiques - réponses
Jeu d'introduction Endroits à explorer à Unys % Correct
Noir et Blanc Volucité
100%
Noir et Blanc Flocombe
89%
Noir et Blanc Renouet
89%
Noir et Blanc Route 1
89%
Noir et Blanc (exclusif) Route 10
89%
Noir et Blanc Route 11
89%
Noir et Blanc Route 12
89%
Noir et Blanc Route 13
89%
Noir et Blanc Route 14
89%
Noir et Blanc Route 15
89%
Noir et Blanc Route 16
89%
Noir et Blanc Route 18
89%
Noir 2 et Blanc 2 Route 19
89%
Noir et Blanc Route 2
89%
Noir 2 et Blanc 2 Route 20
89%
Noir 2 et Blanc 2 Route 22
89%
Noir 2 et Blanc 2 Route 23
89%
Noir et Blanc Route 3
89%
Noir et Blanc Route 4
89%
Noir et Blanc Route 5
89%
Noir et Blanc Route 6
89%
Noir et Blanc Route 7
89%
Noir et Blanc Route 8
89%
Noir et Blanc Route 9
89%
Noir 2 et Blanc 2 Amaillide
78%
Noir 2 et Blanc 2 Arpentières
78%
Noir et Blanc Chenal 17
78%
Noir 2 et Blanc 2 Chenal 21
78%
Noir et Blanc Forêt Blanche
78%
Noir et Blanc Janusia
78%
Noir et Blanc Méanville
78%
Noir 2 et Blanc 2 Papeloa
78%
Noir et Blanc Port Yoneuve
78%
Noir et Blanc Route Victoire
78%
Noir et Blanc Vaguelone
78%
Noir et Blanc Ville Noire
78%
Noir et Blanc Arabelle
67%
Noir et Blanc Labo P2
67%
Noir et Blanc Ligue Pokémon
67%
Noir et Blanc Maillard
67%
Noir et Blanc Métro de Combat
67%
Noir et Blanc Mont Foré
67%
Noir et Blanc Ogoesse
67%
Noir 2 et Blanc 2 Ondes-sur-Mer
67%
Noir 2 et Blanc 2 Pokémon World Tournament
67%
Noir et Blanc Tour Dragospire
67%
Noir et Blanc Désert Délassant
56%
Noir et Blanc Entrelasque
56%
Noir et Blanc Grotte Cyclopéenne
56%
Noir et Blanc Grotte Electrolithe
56%
Noir et Blanc (exclusif) Hangar Frigorifique
56%
Noir et Blanc Parsemille
56%
Noir 2 et Blanc 2 Pavonnay
56%
Noir 2 et Blanc 2 Pokéwood
56%
Noir 2 et Blanc 2 Ranch d'Amaillide
56%
Noir et Blanc Rotombourg
56%
Noir et Blanc Tour des Cieux
56%
Noir et Blanc Château Enfoui
44%
Noir 2 et Blanc 2 Egouts de Volucité
44%
Noir et Blanc Grotte Parsemille
44%
Noir et Blanc Pont du Hameau
44%
Noir et Blanc Pont Ferroviaire
44%
Noir et Blanc Pont Sagiciel
44%
Noir et Blanc Pont Yoneuve
44%
Noir 2 et Blanc 2 Route Bardane
44%
Noir et Blanc Tourbière Flocombe
44%
Noir 2 et Blanc 2 Z.I d'Ondes-sur-Mer
44%
Noir 2 et Blanc 2 Aquatube
33%
Noir et Blanc Autel Abondance
33%
Noir et Blanc Forêt d'Empoigne
33%
Noir 2 et Blanc 2 Frégate Plasma
33%
Noir 2 et Blanc 2 Galerie Concorde
33%
Noir et Blanc Ile Liberté
33%
Noir et Blanc Palais de N
33%
Noir et Blanc Pont de l'Inconnu
33%
Noir et Blanc Vestiges du Rêve
33%
Noir et Blanc Baie Vageulone
22%
Noir et Blanc Bois des Illusions
22%
Noir 2 et Blanc 2 Caverne des Esprits
22%
Noir et Blanc Centre Commercial R9
22%
Noir 2 et Blanc 2 Grotte Littorale
22%
Noir et Blanc Ruines des Abysses
22%
Noir et Blanc Veine Souterraine
22%
Noir 2 et Blanc 2 Chemin Enfoui
11%
Noir 2 et Blanc 2 Manoir de l'Etrange
11%
Noir 2 et Blanc 2 Mont Renenvers
11%
Noir 2 et Blanc 2 Réserve Naturelle
11%
Noir et Blanc Tour Union
11%
Noir et Blanc (exclusif) Antre d'Entraînement
0%
Noir 2 et Blanc 2 Ruines Enfouies
0%
Aucun quiz correspondant
Distribution des résultats
% des personnes avec chaque résultat
Percentile par nombre de réponses
Votre historique - résultats
Vous n’avez pas pris ce quiz depuis la dernière actualisation